Normal view
MARC view
- Supervisor Dr. Shahzad Amin Sheikh
Entry Corporate Name
001 - CONTROL NUMBER
- control field: 88694
003 - CONTROL NUMBER IDENTIFIER
- control field: NUST
005 - DATE AND TIME OF LATEST TRANSACTION
- control field: 20220201151401.0
008 - FIXED-LENGTH DATA ELEMENTS
- fixed length control field: 220201|| aca||aabn | a|a d
040 ## - CATALOGING SOURCE
- Original cataloging agency: NUST
- Transcribing agency: NUST
110 ## - HEADING--CORPORATE NAME
- Corporate name or jurisdiction name as entry element: Supervisor Dr. Shahzad Amin Sheikh
670 ## - SOURCE DATA FOUND
- Source citation: Work cat.: (NUST): Muneeb Arshad 88693, TH-SOF-1959-Analysis and Classification of EEG Signals, 2021.
